000 01357 a2200229 4500
003 NUST
005 20221128153813.0
010 _a 96037158
020 _a0521455049 (hardback)
040 _cNust
082 0 0 _a530.446,GRI
100 1 _aGriem, Hans R.
_9103715
245 1 0 _aPlasma spectroscopy /
_cHans R. Griem.
260 _aCambridge, [Eng.] ;
_aNew York :
_bCambridge University Press,
_c1964.
300 _axix, 366 p. :
_bill. ;
_c26 cm.
440 0 _aCambridge monographs on plasma physics ;
_v2
_9103716
505 _aClassical Radiation Theory (Page-1), Quantum Theory of Radiation (Page-17), Calculation of Line Oscillators Strength (Page-45), Line Broadening Calculation (Page-63), Calculation of Continue (Page-),105Equilibrium Relations (Page-129), Radiation from Extended Sources (Page-169), Radiation Energy Losses (Page-191), Plasma Light Sources (Page-203), Optical Instruments (Page-227), Radiations Detectors s (Page-243), Radiation Standards (Page-255),Temperature Measurements (Page-267), Density Measurements (Page-297), Measurements of Atomic Parameters (Page-315) .
650 0 _aPlasma spectroscopy.
_9103717
856 4 2 _3Publisher description
_uhttp://www.loc.gov/catdir/description/cam028/96037158.html
856 4 2 _3Table of contents
_uhttp://www.loc.gov/catdir/toc/cam022/96037158.html
942 _2ddc
_cBK
_k530.446,GRI
999 _c178381
_d178381